Administración local y constitución (Registro nro. 6803)

Detalles MARC
000 -LEADER
fixed length control field 00795 a2200217 4500
001 - CONTROL NUMBER
control field 59720
005 - DATE AND TIME OF LATEST TRANSACTION
control field 20260407155851.0
008 - FIXED-LENGTH DATA ELEMENTS--GENERAL INFORMATION
fixed length control field 260407a1988 arg spa d
003 - CONTROL NUMBER IDENTIFIER
control field AR-UNSa-BCEJYS
040 ## - CATALOGING SOURCE
Original cataloging agency AR-UNSa-BCEJYS
Language of cataloging spa
Transcribing agency AR-UNSa-BCEJYS
080 ## - UNIVERSAL DECIMAL CLASSIFICATION NUMBER
Universal Decimal Classification number 352
Common auxiliary subdivision Niveles inferiores de la administración. Gobierno local. Administración municipal. Autoridades locales<br/>
020 ## - INTERNATIONAL STANDARD BOOK NUMBER
International Standard Book Number 84-7088-477-8
041 ## - LANGUAGE CODE
Language code of text/sound track or separate title spa
100 1# - MAIN ENTRY--PERSONAL NAME
Personal name Lope Rebollo, Mercedes de
245 10 - TITLE STATEMENT
Title Administración local y constitución
Name of part/section of a work Jurisprudencia del tribunal constitucional y del tribunal supremo
264 #1 - PRODUCTION, PUBLICATION, DISTRIBUTION, MANUFACTURE, AND COPYRIGHT NOTICE
Place of production, publication, distribution, manufacture Madrid :
Name of producer, publisher, distributor, manufacturer Instituto Nacional de Administración Pública (INAP)
Date of production, publication, distribution, manufacture, or copyright notice 1988
300 ## - PHYSICAL DESCRIPTION
Extent 780 p.
Dimensions 24 cm.
590 ## - LOCAL NOTE (RLIN)
Local note niveau_biblio:m niveau_hierar:0
700 1# - ADDED ENTRY--PERSONAL NAME
Personal name Sanz Fernández, Luis
942 ## - ADDED ENTRY ELEMENTS (KOHA)
Koha item type
Existencias
Withdrawn status Lost status Damaged status Not for loan Home library Current library Shelving location Date acquired Total checkouts Full call number Barcode Date last seen Price effective from Koha item type
        Biblioteca Prof. Eusebio Cleto del Rey Biblioteca Prof. Eusebio Cleto del Rey   07/04/2026   352 L864/1988 L58425 07/04/2026 07/04/2026 Libro